Lymphocyte Signal Transduction

Signal transduction through leukocyte receptors involves a variety of signaling molecules including kinases, phosphatases, adaptor proteins, small GTPases GTP exchange factors, membrane phospholipids as well as others. These signal transducers, regulated by inter- and intra-molecular interactions, a...

Full description

Bibliographic Details
Corporate Author: SpringerLink (Online service)
Other Authors: Tsoukas, Constantine (Editor)
Format: Electronic eBook
Language:English
Published: Boston, MA : Springer US, 2006.
Series:Advances in Experimental Medicine and Biology, 584
Subjects:
Online Access:Full Text via HEAL-Link
LEADER 03836nam a22004815i 4500
001 978-0-387-34132-3
003 DE-He213
005 20151204170039.0
007 cr nn 008mamaa
008 100301s2006 xxu| s |||| 0|eng d
020 |a 9780387341323  |9 978-0-387-34132-3 
024 7 |a 10.1007/0-387-34132-3  |2 doi 
040 |d GrThAP 
050 4 |a QR180-189.5 
072 7 |a MJCM  |2 bicssc 
072 7 |a MED044000  |2 bisacsh 
082 0 4 |a 616.079  |2 23 
245 1 0 |a Lymphocyte Signal Transduction  |h [electronic resource] /  |c edited by Constantine Tsoukas. 
264 1 |a Boston, MA :  |b Springer US,  |c 2006. 
300 |a XVII, 302 p.  |b online resource. 
336 |a text  |b txt  |2 rdacontent 
337 |a computer  |b c  |2 rdamedia 
338 |a online resource  |b cr  |2 rdacarrier 
347 |a text file  |b PDF  |2 rda 
490 1 |a Advances in Experimental Medicine and Biology,  |x 0065-2598 ;  |v 584 
505 0 |a Protein Kinase C-Theta (PKC?): New Perspectives on Its Functions in T Cell Biology -- Travel Informations on the TEC Kinases during Lymphocyte Activation -- Inducible T Cell Tyrosine Kinase (ITK): Structural Requirements and Actin Polymerization -- Differential Requirements of PI3K Subunits for BCR or BCR/CD19-Induced ERK Activation -- Protein Tyrosine Phosphatases in Human Disease -- The T Cell-Specific Adapter Protein Functions as a Regulator of Peripheral but not Central Immunological Tolerance -- Proximal Signals Controlling B-Cell Antigen Receptor (BCR) Mediated NF-?B Activation -- The Adapter 3BP2: How It Plugs into Leukocyte Signaling -- CTLA-4 Regulation of T Cell Function via RAP-1-Mediated Adhesion -- Protein Crosstalk in Lipid Rafts -- Role of Lipid Rafts in Activation-Induced Cell Death : The Fas Pathway in Aging -- T Cell Response in Aging: Influence of Cellular Cholesterol Modulation -- Lymphocyte Signaling and the Translatability of mRNA -- Protein Arginine Methylation: A New Frontier in T Cell Signal Transduction -- Immune Regulation by Ubiquitin Conjugation -- CTIB (C-Terminus Protein of I?B-?: A Novel Factor Required for Acidic Adaptation -- HIV May Deplete Most CD4 Lymphocytes by a Mechanism Involving Signaling through its Receptors on Non-Permissive Resting Lymphocytes -- Integrating Traditional and Postgenomic Approaches to Investigate Lymphocyte Development and Function -- Phosphoproteomic Analysis of Lymphocyte Signaling. 
520 |a Signal transduction through leukocyte receptors involves a variety of signaling molecules including kinases, phosphatases, adaptor proteins, small GTPases GTP exchange factors, membrane phospholipids as well as others. These signal transducers, regulated by inter- and intra-molecular interactions, as well as by various post-translational modifications, lead to the activation of transcription factors that mediate cellular differentiation and growth, effector cell functions, and apoptotic cell death. Several investigators from various parts of the world convened at the 3rd Lymphocyte Signal Transduction Workshop in Crete, Greece from May 27 to June 1, 2005 to discuss their most recent findings in leukocyte signaling. This volume represents a collection of topics discussed during the conference. 
650 0 |a Medicine. 
650 0 |a Immunology. 
650 0 |a Infectious diseases. 
650 0 |a Microbiology. 
650 1 4 |a Biomedicine. 
650 2 4 |a Immunology. 
650 2 4 |a Microbiology. 
650 2 4 |a Infectious Diseases. 
700 1 |a Tsoukas, Constantine.  |e editor. 
710 2 |a SpringerLink (Online service) 
773 0 |t Springer eBooks 
776 0 8 |i Printed edition:  |z 9780387313351 
830 0 |a Advances in Experimental Medicine and Biology,  |x 0065-2598 ;  |v 584 
856 4 0 |u http://dx.doi.org/10.1007/0-387-34132-3  |z Full Text via HEAL-Link 
912 |a ZDB-2-SBL 
950 |a Biomedical and Life Sciences (Springer-11642)